000 00245nam a2200097Ia 4500
001 808765
005 20250826171256.0
008 250824s9999 xx 000 0 und d
245 0 _aKAYIP ÖYKÜLER
_cJOHN FLANAGAN
260 _bBEYAZ BALİNA YAYINLARI
999 _c808765
_d808765